000 00291nam a2200121Ia 4500
008 190216s9999||||xx |||||||||||||| ||und||
100 _aBasu Bhadhacharya
245 0 _aHindi-Bengal Ki Sresht Kahaniyam
260 _bPrayeg Prakashan
_c2010
300 _a144
650 _aHindi
942 _cBK
999 _c16908
_d16908